Эффективность применения автоматизированных обучающих систем в учебном процессе высшей школы: тезисы докладов Всесоюзного научно-методического совещания, Рига, 2-4 марта 1988 г.

Библиографические подробности
Корпоративные авторы: Научно-исследовательский институт высшей школы, Рижский политехнический институт
Язык:русский
Опубликовано: Рига, РПИ, 1988
Предметы:
Формат: MixedMaterials Книга
Запись в KOHA:https://koha.lib.tpu.ru/cgi-bin/koha/opac-detail.pl?biblionumber=239315

MARC

LEADER 00000nam0a2200000 4500
001 239315
005 20231101231651.0
035 |a (RuTPU)RU\TPU\book\260533 
090 |a 239315 
100 |a 20130606d1988 m y0rusy50 ca 
101 0 |a rus 
102 |a LV 
105 |a y z 100zy 
200 1 |a Эффективность применения автоматизированных обучающих систем в учебном процессе высшей школы  |e тезисы докладов Всесоюзного научно-методического совещания, Рига, 2-4 марта 1988 г.  |f Научно-исследовательский институт высшей школы ; Рижский политехнический институт 
210 |a Рига  |c РПИ  |d 1988 
215 |a 202 с. 
606 1 |a Технические средства обучения в высшем учебном заведении  |2 stltpush  |3 (RuTPU)RU\TPU\subj\60105  |9 77595 
610 1 |a высшая школа 
610 1 |a учебные программы 
610 1 |a автоматизированные обучающие системы 
610 1 |a математические модели 
610 1 |a лингвистические модели 
610 1 |a качество 
610 1 |a автоматизированные учебные курсы 
610 1 |a совещания 
686 |a Ч481.27л0  |v LBC/SL-A  |2 rubbk 
712 0 2 |a Научно-исследовательский институт высшей школы  |2 stltpush  |3 (RuTPU)RU\TPU\col\18832 
712 0 2 |a Рижский политехнический институт  |2 stltpush  |3 (RuTPU)RU\TPU\col\7561  |9 24345 
801 1 |a RU  |b 63413507  |c 20130606 
801 2 |a RU  |b 63413507  |c 20130611  |g RCR 
942 |c BK